Statistics for Madden 22 Ratings Quiz

Click here to take the quiz!

General Stats

  • This quiz has been taken 294 times
  • The average score is 15 of 15

Answer Stats

HintAnswer% Correct
Patrick Mahomes97
100%
A.J. Brown85
99%
Deshaun Watson85
99%
Deandre Hopkins98
99%
Donte Jackson82
98%
Jonathan Taylor89
98%
Jason Kelce90
98%
Justin Tucker90
98%
Justin Jefferson90
98%
Chris Jones91
98%
CJ Henderson76
97%
Malik Hooker76
97%
Rondale Moore76
97%
A.J. Green80
96%
Baker Mayfield80
96%

Score Distribution

Percentile by Number Answered

Percent of People with Each Score

Your Score History

You have not taken this quiz